| 000 -LEADER |
| fixed length control field |
00291nam a22001337a 4500 |
| 008 - FIXED-LENGTH DATA ELEMENTS--GENERAL INFORMATION |
| fixed length control field |
221014b ||||| |||| 00| 0 eng d |
| 041 ## - LANGUAGE CODE |
| Language code of text/sound track or separate title |
eng |
| 080 ## - UNIVERSAL DECIMAL CLASSIFICATION NUMBER |
| Universal Decimal Classification number |
616.8 |
| 082 ## - DEWEY DECIMAL CLASSIFICATION NUMBER |
| Classification number |
616.8 |
| 100 ## - Rafti |
| Rafti |
11.2 |
| 101 ## - Shkurtesa |
| Shkurtesa |
neuro |
| 245 ## - TITLE STATEMENT |
| Title |
CEDARS SINAI NEUROSCIENCES |
| Statement of responsibility, etc |
BLACK K |
| 942 ## - ADDED ENTRY ELEMENTS (KOHA) |
| Source of classification or shelving scheme |
|
| Item type |
Books |